LDR 00771naa#a2200169#i#450# 001 RU\\bibl\110434 005 20260607154425.7 011 ## _a2074-8183 100 ## _a20260331b2026####ek#y0rusy0150####ca 102 ## _aRU 200 1# _aКОМПАРАТИВИСТСКИЙ АНАЛИЗ УГОЛОВНО-ПРАВОВОГО РЕГУЛИРОВАНИЯ ТРАНСПОРТНЫХ ПРЕСТУПЛЕНИЙ В СТРАНАХ СНГ _eЖурнальная статья 210 1# _aВолгоград _cВолгоградская академия МВД России _d2026 215 ## _a9 с. 608 ## _aЖурнальная статья _2local 675 ## _aТранспортные преступления. 343.346 _z 700 #1 _aСмыр _gАлиса Джамаловна 856 4# _ava-mvd.editorum.ru _u